Sports Quiz

Random Sports or NHL Quiz

NHL stats winners (1999-2015) Quiz Stats

 Plays Quiz not verified by Sporcle

Support Sporcle.
Go Orange.
Score 0/150 Timer 20:00
0 Plays Today
Season Player % Correct
2009-10Sidney Crosby/Steven Stamkos
98.2%
2006-07Sidney Crosby
97.9%
2007-08Sidney Crosby/Henrik Zetterberg
97.9%
2013-14Sidney Crosby
97.9%
2013-14Sidney Crosby
97.9%
2005-06Alex Ovechkin
97.1%
2007-08Alex Ovechkin
97.1%
2007-08Alex Ovechkin
97.1%
2008-09Alex Ovechkin
97.1%
2012-13Alex Ovechkin
97.1%
2013-14Alex Ovechkin
97.1%
2014-15Alex Ovechkin
97.1%
2006-07Evgeni Malkin
94.4%
2008-09Evgeni Malkin
94.4%
2008-09Evgeni Malkin
94.4%
2008-09Evgeni Malkin
94.4%
2011-12Evgeni Malkin
94.4%
2010-11Roberto Luongo/Carey Price
92.6%
2000-01Jaromir Jagr/Adam Oates
91.5%
2000-01Martin Brodeur
91.5%
2002-03Martin Brodeur
91.5%
2003-04Martin Brodeur
91.5%
2005-06Martin Brodeur
91.5%
2006-07Martin Brodeur
91.5%
2009-10Martin Brodeur
91.5%
2014-15Patrick Kane/Tyler Johnson
91.5%
1999-00Martin Brodeur
91.5%
2003-04Martin St. Louis/Scott Gomez
91.2%
2005-06Joe Thornton
91.2%
2005-06Joe Thornton
91.2%
2006-07Joe Thornton
91.2%
2007-08Joe Thornton
91.2%
2011-12Steven Stamkos
91.2%
2003-04Ilya Kovalchuk/Jarome Iginla/Rick Nash
90.9%
2003-04Martin St. Louis
90.9%
2003-04Martin St. Louis/Marek Malik
90.9%
2007-08Patrick Kane
90.9%
2012-13Martin St. Louis
90.9%
2012-13Martin St. Louis
90.9%
2012-13Henrik Lundqvist/Niklas Backstrom/Antti Niemi
90.9%
2000-01Jaromir Jagr
90.3%
1999-00Jaromir Jagr
90.3%
2001-02Sergei Gonchar/Nicklas Lidstrom
90%
2014-15Carey Price
90%
2014-15Carey Price
90%
2014-15Carey Price
90%
2005-06Nicklas Lidstrom
89.4%
2007-08Nicklas Lidstrom
89.4%
1999-00Nicklas Lidstrom
89.4%
2000-01Joe Sakic/Patrik Elias
89.1%
Season Player % Correct
2002-03Peter Forsberg/Milan Hejduk
87.9%
2011-12Erik Karlsson
87.9%
2013-14Erik Karlsson
87.9%
2014-15Erik Karlsson
87.9%
2000-01Joe Sakic
87.4%
2001-02Jarome Iginla
85.9%
2001-02Jarome Iginla
85.9%
2009-10Henrik Sedin
85.6%
2009-10Henrik Sedin
85.6%
2010-11Henrik Sedin
85.6%
2010-11Daniel Sedin
85.6%
2011-12Henrik Sedin
85.6%
2001-02Peter Forsberg
85.3%
2002-03Peter Forsberg
85.3%
2002-03Peter Forsberg
85.3%
2006-07Niklas Backstrom
84.4%
2006-07Niklas Backstrom
84.4%
2014-15Nicklas Backstrom
84.4%
2006-07Vincent Lecavalier
82.9%
2006-07Jason Spezza/Dany Heatley/Daniel Alfredsson
82.4%
2001-02Dominik Hasek
81.8%
2012-13P.K. Subban/Kris Letang
81.2%
2008-09Tim Thomas
79.7%
2008-09Tim Thomas
79.7%
2010-11Tim Thomas
79.7%
2010-11Tim Thomas
79.7%
2000-01Pavel Bure
78.5%
1999-00Pavel Bure
78.5%
2010-11Corey Perry
78.2%
2001-02Dany Heatley
77.9%
2001-02Patrick Roy
76.8%
2002-03Milan Hejduk
76.8%
2014-15Jamie Benn
76.8%
2002-03Henrik Zetterberg
75.9%
2011-12Anze Kopitar/Dustin Brown
73.8%
2001-02Adam Oates
73.2%
2005-06Jonathan Cheechoo
73.2%
2009-10Tuukka Rask
71.5%
2009-10Tuukka Rask
71.5%
2013-14Anze Kopitar
71.5%
2003-04Sergei Gonchar
71.2%
2010-11Zdeno Chara
69.4%
2007-08Pavel Datsyuk
67.9%
2000-01Brad Richards
67.6%
2003-04Brad Richards
67.6%
1999-00Chris Pronger
67.4%
2002-03Jamie Langenbrunner/Scott Niedermayer
66.5%
2008-09Mike Green
66.2%
2009-10Mike Green
66.2%
2006-07Scott Niedermayer
65.6%
Season Player % Correct
2003-04Miikka Kiprusoff
65%
2005-06Miikka Kiprusoff
65%
2008-09Miikka Kiprusoff
65%
2005-06Eric Staal
64.7%
1999-00Scott Gomez
61.2%
2011-12Pekka Rinne
58.5%
2007-08Evgeni Nabokov
58.2%
2007-08Chris Osgood
57.6%
2011-12Patrice Bergeron
57.4%
1999-00Brett Hull
54.7%
2013-14Nathan MacKinnon
52.9%
2000-01Marty Turco
48.5%
2000-01Marty Turco
48.5%
2002-03Marty Turco
48.5%
2002-03Marty Turco
48.5%
2011-12Gabriel Landeskog/Ryan Nugent-Hopkins
48.5%
2012-13Craig Anderson
47.6%
2012-13Craig Anderson
47.6%
2001-02Jose Theodore
47.1%
1999-00Jose Theodore
47.1%
2013-14Semyon Varlamov
45.3%
2000-01Brian Leetch
43.8%
2002-03Al MacInnis
43.5%
2008-09David Krejci
42.1%
2010-11David Krejci
42.1%
2012-13David Krejci
42.1%
2013-14David Krejci
42.1%
2011-12Brian Elliott
41.5%
2011-12Brian Elliott
41.5%
2014-15Mark Stone/Johnny Gaudreau
41.5%
2009-10Daniel Briere
38.2%
2012-13Nail Yakupov/Jonathan Huberdeau
38.2%
1999-00Mark Recchi
36.5%
2014-15Max Pacioretty/Nikita Kucherov
33.5%
2009-10Matt Duchene
32.6%
2010-11Lubomir Visnovsky
31.5%
2010-11Jeff Skinner
30%
2001-02Chris Chelios
27.6%
2008-09Bobby Ryan
22.1%
2003-04Dwayne Roloson
21.5%
2006-07Thomas Vanek
20%
2013-14Josh Harding
18.2%
2013-14Josh Harding
18.2%
2005-06Cristobal Huet
17.1%
2005-06Wade Redden/Michal Rozsival
16.2%
2009-10Jeff Schultz
9.7%
2003-04Michael Ryder
8.5%
1999-00Brian Boucher
7.4%
2012-13Pascal Dupuis
6.5%
2007-08Dan Ellis
5.9%

You're not logged in!

Compare scores with friends on all Sporcle quizzes.
OR
Log In

From the Vault

Unrealistic Movie Age Gaps

by Buck

We wish these people would just act their age.
Remove Ads.
Support Sporcle.
Get the best of Sporcle when you Go Orange. This ad-free experience offers more features, more stats, and more fun while also helping to support Sporcle. Thank you for becoming a member.

Show Comments

Extras

Top Quizzes Today


Score Distribution

Your Account Isn't Verified!

In order to create a playlist on Sporcle, you need to verify the email address you used during registration. Go to your Sporcle Settings to finish the process.

Report this User

Report this user for behavior that violates our Community Guidelines.

Details: